000 00803nam a2200229Ia 4500
003 GCL
008 140319s9999 xx 000 0 ara d
040 _aGCL /
_cGCL
082 0 4 _a320.5322
_bو ل
100 1 _aوكالة انباء نوفستى
245 1 0 _aاللينينية عن مسألة الاصلاح الزراعى والفلاحين (هدية من الاديب عبدالفتاح الجمل) /
_cوكالة انباء نوفستى
300 _a122 ص
490 _aالهيئة العامة للاستعلامات
_v0
650 0 4 _aالزراعة
650 0 4 _aالسياسة
650 0 4 _aالاصلاح الزراعى
650 0 4 _aالمذاهب السياسية
650 0 4 _aالقرويون
650 0 4 _aالمذاهب
650 0 4 _aاللينينية
942 _2ddc
_cBK
999 _c46908
_d46908